[Event "4th London Classic Open"]
[Site "London ENG"]
[Date "2012.12.02"]
[Round "2"]
[White "Saikhanzaya,Ganbaatar"]
[Black "Takahashi,R"]
[Result "0-1"]
[WhiteElo "1924"]
[BlackElo "2079"]
[WhiteFideId "4900030"]
[BlackFideId "7000880"]
[EventDate "2012.12.01"]

1. d4 Nf6 2. c4 e6 3. Nf3 c5 4. d5 exd5 5. cxd5 d6 6. Nc3 g6 7. e4 Bg7 8. h3 O-O
9. Bd3 a6 10. a4 Qc7 11. O-O Nbd7 12. Bf4 Re8 13. Re1 b6 14. a5 bxa5 15. Qa4 Rb8
16. Re2 Nh5 17. Bh2 Rxb2 18. Rxb2 Bxc3 19. Rba2 Bxa1 20. Rxa1 Nhf6 21. Qc6 Qxc6
22. dxc6 Ne5 23. Bxe5 dxe5 24. Rxa5 c4 25. Bc2 Rd8 26. Rxe5 Ne8 27. Rc5 Kf8 28.
Rxc4 Ke7 29. Ba4 Nc7 30. e5 h6 31. Rh4 h5 32. Rb4 Ne6 33. Rb8 Nc5 34. Bc2 Be6
35. Rb6 Rc8 36. Nd4 Bd5 37. Bd1 Nd3 38. Be2 Nxe5 39. Bxa6 Rc7 40. Bb7 Nc4 41.
Rb5 Be6 42. Ba8 Bc8 43. Rb7 Kd8 44. Nb5 Rxc6 45. Rxf7 Rb6 46. Nd4 Bd7 47. Bd5
Ne5 48. Rf8+ Ke7 49. Ra8 Rb1+ 50. Kh2 Rd1 51. Nf3 Rxd5 52. Nxe5 Rxe5 53. Ra2 Kf6
54. Rd2 Be6 55. f3 h4 56. Rd4 Kf5 57. Rd2 Rd5 58. Rc2 Rd3 59. Re2 Bd5 60. Kg1
Kf4 61. Kh2 Re3 62. Rd2 Bxf3 63. Rf2 g5 64. gxf3 Rxf3 65. Ra2 Rd3 66. Rg2 Re3
67. Rg4+ Kf5 68. Rg2 Rf3 69. Re2 Rg3 70. Ra2 Ke4 71. Ra4+ Ke3 72. Ra3+ Kf2 73.
Ra2+ Ke3 74. Ra1 Kd2 75. Ra2+ Kc1 76. Rg2 Rxg2+ 77. Kxg2 Kd2 78. Kf3 Ke1 79. Kg4
Kf2 80. Kxg5 Kg3 0-1

[Event "4th London Classic Open"]
[Site "London ENG"]
[Date "2012.12.02"]
[Round "2"]
[White "Shah,Dipak K"]
[Black "Lenier,J"]
[Result "0-1"]
[WhiteElo "1914"]
[BlackElo "2069"]
[WhiteFideId "425842"]
[BlackFideId "470678"]
[EventDate "2012.12.01"]

1. e4 e5 2. Nf3 Nc6 3. Bc4 Bc5 4. d3 Nf6 5. h3 h6 6. O-O O-O 7. Nc3 a6 8. Be3
Bxe3 9. fxe3 d6 10. a3 Ne7 11. Qe2 Ng6 12. d4 c6 13. Rad1 Qb6 14. Bb3 Bd7 15.
Kh2 Rae8 16. dxe5 dxe5 17. Nd2 Rd8 18. Nc4 Qc7 19. Qf3 b5 20. Nd2 c5 21. Nd5
Nxd5 22. Bxd5 Bc6 23. Kg1 Rd6 24. Nb1 Nh4 25. Qg3 Nxg2 26. Bxf7+ Qxf7 27. Qxg2
Rg6 28. Rxf7 Rxg2+ 29. Kxg2 Bxe4+ 30. Kg1 Rxf7 31. Rd2 Rf3 32. Nc3 Bg6 33. Rd6
Bxc2 34. Rxa6 Rxe3 35. Nxb5 Rb3 36. Nd6 Rxb2 37. Ra5 e4 38. Nc4 Rb3 39. Nd2 Rxh3
40. Rxc5 Bd3 41. Kg2 Re3 42. Nb3 Re2+ 43. Kg3 Ra2 44. Ra5 Bc4 45. Nd4 e3 46. a4
Kf7 47. Re5 e2 48. a5 Kf6 49. Re3 Ra3 50. Rxa3 e1=Q+ 51. Kf3 Bd5+ 52. Kg4 Qe4+ 0-1

[Event "4th London Classic Open"]
[Site "London ENG"]
[Date "2012.12.02"]
[Round "2"]
[White "Burke,J"]
[Black "Hajenius,W"]
[Result "1-0"]
[WhiteElo "2068"]
[BlackElo "1922"]
[WhiteFideId "404322"]
[BlackFideId "201138"]
[EventDate "2012.12.01"]

1. e4 c5 2. Nf3 Nf6 3. Nc3 Nc6 4. d4 d5 5. exd5 Nxd5 6. dxc5 Nxc3 7. Qxd8+ Nxd8
8. bxc3 Nc6 9. Be3 e5 10. Bb5 f6 11. Nd2 Be6 12. O-O Be7 13. Bc4 Kf7 14. Rab1
Rab8 15. Rb2 Rhd8 16. Bd3 f5 17. f3 Bf6 18. Rfb1 Rd7 19. Bb5 Rbd8 20. Bd3 g6 21.
Rxb7 e4 22. fxe4 Bxc3 23. exf5 gxf5 24. Nc4 Kf6 25. Rxd7 Rxd7 26. a4 f4 27. Rf1
Kg7 28. Rxf4 Nd4 29. Nd6 Nc6 30. Ne8+ Kg8 31. Nf6+ Bxf6 32. Rxf6 Bd5 33. Bh6 1-0

[Event "4th London Classic Open"]
[Site "London ENG"]
[Date "2012.12.02"]
[Round "2"]
[White "Fontaine,O"]
[Black "Skutta,B"]
[Result "0-1"]
[WhiteElo "1904"]
[BlackElo "2067"]
[WhiteFideId "666548"]
[BlackFideId "4666950"]
[EventDate "2012.12.01"]

1. Nf3 d6 2. d4 Nf6 3. g3 g6 4. Bg2 Bg7 5. O-O O-O 6. c4 Nc6 7. Nc3 Rb8 8. Qc2
Bg4 9. Rd1 Qc8 10. b3 Nh5 11. e3 e5 12. Bb2 exd4 13. Nd5 dxe3 14. Nxe3 Ne5 15.
Nxg4 Qxg4 16. Nxe5 Bxe5 17. Bxe5 dxe5 18. Re1 Rfe8 19. Re4 Qg5 20. Rae1 Ng7 21.
Qc3 f6 22. Qa5 c6 23. Qxa7 Qd2 24. a4 Qb4 25. Rf1 Nf5 26. c5 Nd4 27. f4 Qd2 28.
Rfe1 Nc2 29. R1e2 Qd1+ 30. Bf1 Nd4 31. R2e3 f5 32. Rd3 Nf3+ 33. Rxf3 fxe4 34.
Re3 Qd4 35. Kf2 exf4 36. gxf4 Rf8 37. Ke2 Rbd8 38. Qa5 Qd1+ 39. Kf2 Rxf4+ 40.
Kg3 Qg4# 0-1

[Event "4th London Classic Open"]
[Site "London ENG"]
[Date "2012.12.02"]
[Round "2"]
[White "Bass,J"]
[Black "McDonnell,J"]
[Result "1/2-1/2"]
[WhiteElo "2065"]
[BlackElo "1912"]
[WhiteFideId "407925"]
[BlackFideId "2500787"]
[EventDate "2012.12.01"]

1. d4 d5 2. c4 c6 3. Nf3 Nf6 4. Nc3 dxc4 5. a4 Bf5 6. e3 e6 7. Bxc4 Bb4 8. O-O
O-O 9. Qe2 Bg6 10. Ne5 Nbd7 11. Nxg6 hxg6 12. Rd1 Qa5 13. Bd2 Rad8 14. Bb3 Nb6
15. f3 e5 16. dxe5 Qxe5 17. Ne4 Bxd2 18. Nxf6+ gxf6 19. Rxd2 Kg7 20. Rad1 Rxd2
21. Rxd2 Rh8 22. f4 Qc5 23. Rd4 Re8 24. Qd2 a5 25. g3 1/2-1/2

[Event "4th London Classic Open"]
[Site "London ENG"]
[Date "2012.12.02"]
[Round "2"]
[White "Marshall,Mi"]
[Black "Whitehead,D"]
[Result "1/2-1/2"]
[WhiteElo "1898"]
[BlackElo "2059"]
[WhiteFideId "1409956"]
[BlackFideId "406813"]
[EventDate "2012.12.01"]

1. d4 Nf6 2. Nf3 g6 3. Nc3 d5 4. Bf4 Bg7 5. e3 O-O 6. Be2 c5 7. Ne5 Nc6 8. O-O
cxd4 9. exd4 Qb6 10. Nxc6 bxc6 11. Na4 Qa5 12. c3 Bf5 13. Nc5 Nd7 14. Nxd7 1/2-1/2

[Event "4th London Classic Open"]
[Site "London ENG"]
[Date "2012.12.02"]
[Round "2"]
[White "Siddharth,Gopakumar"]
[Black "Jakobsen,Alf Gjoran"]
[Result "1-0"]
[WhiteElo "2054"]
[BlackElo "1901"]
[WhiteFideId "5053463"]
[BlackFideId "1508008"]
[EventDate "2012.12.01"]

1. e4 e5 2. Nf3 Nf6 3. d4 exd4 4. e5 Ne4 5. Qxd4 d5 6. exd6 Nxd6 7. Bd3 Nc6 8.
Qe3+ Qe7 9. a3 Bd7 10. b4 Nf5 11. Qxe7+ Bxe7 12. Bb2 Bf6 13. Bxf6 gxf6 14. Nbd2
Ne5 15. Be4 Nd6 16. Nd4 O-O-O 17. O-O Be6 18. Nxe6 fxe6 19. f4 Nec4 20. Nxc4
Nxe4 21. Rad1 Nc3 22. Rxd8+ Kxd8 23. Rf3 Nd5 24. f5 Ke7 25. Na5 e5 26. Nxb7 Nf4
27. Kf2 Rg8 28. g3 Nh3+ 29. Kg2 Ng5 30. Rc3 Kd7 31. Nc5+ Ke7 32. h4 Nf7 33. Ne6
Rc8 34. Rxc7+ Rxc7 35. Nxc7 Nd6 36. Nd5+ Kf7 37. g4 h5 38. Ne3 hxg4 39. Kg3 Nb5
40. a4 Nc3 41. a5 a6 42. Kxg4 Kg7 43. Kf3 Kh6 44. Ng4+ Kg7 45. Nf2 Nd5 46. Nd3
Nc3 47. Nc5 1-0

[Event "4th London Classic Open"]
[Site "London ENG"]
[Date "2012.12.02"]
[Round "2"]
[White "Millward,R"]
[Black "Veznik,Michael"]
[Result "1/2-1/2"]
[WhiteElo "2048"]
[BlackElo "1877"]
[WhiteFideId "405698"]
[BlackFideId "360287"]
[EventDate "2012.12.01"]

1. e4 c5 2. Nf3 Nc6 3. d4 cxd4 4. Nxd4 g6 5. Nc3 Bg7 6. Be3 d6 7. Be2 Nf6 8. O-O
O-O 9. Nb3 Be6 10. f4 Na5 11. f5 Bc4 12. fxg6 hxg6 13. e5 Ne8 14. Nxa5 Bxe2 15.
Nxe2 Qxa5 16. e6 Bxb2 17. Rb1 Qxa2 18. Nf4 Nf6 19. Qd3 Rac8 20. c4 Be5 21. exf7+
Rxf7 22. Ne6 Rh7 23. h3 Qxc4 24. Qxg6+ Kh8 25. Qf5 Qe4 26. Qxe4 Nxe4 27. Rxb7
Ng3 28. Rf8+ Rxf8 29. Nxf8 Rf7 30. Ng6+ Kg7 31. Nxe5 dxe5 32. Bxa7 Ne2+ 33. Kh2
Kf6 34. Bc5 Nf4 35. g3 Nd3 36. Be3 Kf5 37. g4+ Ke4 38. Bg5 Rf2+ 39. Kg3 Rf3+ 40.
Kh2 Rf2+ 41. Kg3 Rf3+ 42. Kh4 Nf2 43. Rb4+ Kd5 44. Bxe7 Rxh3+ 45. Kg5 e4 46.
Rb5+ Kc4 47. Rc5+ Kd4 48. Rf5 e3 49. Bc5+ Kd3 50. Bxe3 Kxe3 51. Ra5 Ke4 52. Ra4+ 1/2-1/2

[Event "4th London Classic Open"]
[Site "London ENG"]
[Date "2012.12.02"]
[Round "2"]
[White "Yurenok,M"]
[Black "Strand,O"]
[Result "1/2-1/2"]
[WhiteTitle "WF"]
[WhiteElo "2041"]
[BlackElo "1854"]
[WhiteFideId "409359"]
[BlackFideId "1507230"]
[EventDate "2012.12.01"]

1. d4 g6 2. c4 Bg7 3. Nc3 d6 4. e4 Nd7 5. Be3 a6 6. Bd3 c5 7. Nge2 e6 8. O-O Ne7
9. Qd2 O-O 10. Rad1 Qa5 11. dxc5 dxc5 12. Nd5 Qd8 13. Nxe7+ Qxe7 14. f4 e5 15.
f5 Nf6 16. h3 gxf5 17. exf5 b6 18. Ng3 Kh8 19. Bg5 Bb7 20. Be4 Rad8 21. Qe2 Bxe4
22. Nxe4 Rd4 23. Nxf6 Bxf6 24. Be3 Rxd1 25. Rxd1 Rd8 26. b3 e4 27. Rxd8+ Qxd8
28. Qd2 Bd4 29. Kh1 Qf6 30. Bxd4 Qxd4 31. Qg5 f6 32. Qh5 Qe5 33. Qf7 Qa1+ 34.
Kh2 Qe5+ 35. Kh1 Qa1+ 1/2-1/2

[Event "4th London Classic Open"]
[Site "London ENG"]
[Date "2012.12.02"]
[Round "2"]
[White "Clayton,T"]
[Black "De Coverly,R"]
[Result "0-1"]
[WhiteElo "1830"]
[BlackElo "2038"]
[WhiteFideId "416533"]
[BlackFideId "405213"]
[EventDate "2012.12.01"]

1. e4 e5 2. Nf3 Nc6 3. d4 exd4 4. Nxd4 Nf6 5. Nxc6 bxc6 6. e5 Qe7 7. Qe2 Nd5 8.
c4 Ba6 9. b3 g6 10. Bb2 Bg7 11. g3 O-O 12. Bg2 Rfe8 13. O-O Bxe5 14. Bxe5 Qxe5
15. Qxe5 Rxe5 16. Rd1 Rae8 17. Na3 Nf6 18. Nc2 c5 19. Ne3 Bc8 20. a3 a5 21. b4
cxb4 22. axb4 axb4 23. Ra4 c5 24. Ra7 Kg7 25. Bh3 d5 26. Bxc8 Rxc8 27. cxd5 c4
28. d6 c3 29. Rb7 Re4 30. Nc2 Re2 31. Nxb4 Rd2 32. Re1 Rxd6 33. Ree7 c2 34.
Rxf7+ Kh6 35. Nxc2 Rxc2 36. Rb4 g5 37. h4 Kg6 38. Re7 Rd1+ 39. Kg2 Rdd2 40. hxg5
Rxf2+ 41. Kg1 Rfd2 42. Re1 Kxg5 43. Re5+ Kg6 44. Re1 Rg2+ 45. Kf1 Rcf2# 0-1

[Event "4th London Classic Open"]
[Site "London ENG"]
[Date "2012.12.02"]
[Round "2"]
[White "Shepley,J"]
[Black "Campbell,E"]
[Result "1-0"]
[WhiteElo "2029"]
[BlackElo "1819"]
[WhiteFideId "403210"]
[BlackFideId "2400740"]
[EventDate "2012.12.01"]

1. e4 d6 2. d4 Nf6 3. Nc3 g6 4. f4 Bg7 5. Bd3 O-O 6. Nf3 Na6 7. O-O c5 8. Bxa6
cxd4 9. Bxb7 dxc3 10. Bxa8 Qb6+ 11. Qd4 Qxd4+ 12. Nxd4 Ba6 13. Re1 Rxa8 14. bxc3
Bb7 15. e5 dxe5 16. fxe5 Ne4 17. Rb1 Nc5 18. Ba3 1-0

[Event "4th London Classic Open"]
[Site "London ENG"]
[Date "2012.12.02"]
[Round "2"]
[White "Mc Aleenan,C"]
[Black "Iyengar,I"]
[Result "1/2-1/2"]
[WhiteElo "1813"]
[BlackElo "2019"]
[WhiteFideId "2461617"]
[BlackFideId "405949"]
[EventDate "2012.12.01"]

1. c4 Nf6 2. g3 g6 3. Bg2 Bg7 4. Nc3 O-O 5. e4 d6 6. Nge2 Nc6 7. O-O e5 8. d3
Nh5 9. Be3 f5 10. exf5 gxf5 11. f4 Be6 12. Rc1 Qe8 13. Nd5 Rc8 14. b4 b6 15. Qd2
Kh8 16. b5 Ne7 17. d4 e4 18. Nxe7 Qxe7 19. d5 Bd7 20. Nd4 Ra8 21. Rc2 Nf6 22.
Bh3 Ng8 23. Rf2 Nh6 24. Kh1 Qe8 25. Qe2 Qg6 26. Rd2 Nf7 27. Bf1 Nd8 28. Rg2 Nb7
29. Qf2 a5 30. h3 h5 31. Be2 Kg8 32. Qf1 Kf7 33. Qd1 Rh8 34. Kh2 Ke7 35. Nc6+
Bxc6 36. dxc6 Nd8 37. Rd5 Ne6 38. a4 Rad8 39. Bf1 Qf7 40. Rgd2 Bc3 41. Rg2 Rdg8
42. Be2 Rd8 1/2-1/2

[Event "4th London Classic Open"]
[Site "London ENG"]
[Date "2012.12.02"]
[Round "2"]
[White "Burnham,Frank D"]
[Black "Ditmas,H"]
[Result "1/2-1/2"]
[WhiteElo "1792"]
[BlackElo "2011"]
[WhiteFideId "419516"]
[BlackFideId "1270666"]
[EventDate "2012.12.01"]

1. e4 c5 2. b4 cxb4 3. a3 d5 4. e5 Bf5 5. axb4 Qc7 6. Bb5+ Nd7 7. Bxd7+ Qxd7 8.
d4 e6 9. c3 Ne7 10. Ne2 Nc8 11. O-O Be7 12. Nd2 Nb6 13. Nb3 Nc4 14. Nf4 h6 15.
Nh5 O-O 16. Ng3 Bh7 17. Qg4 Kh8 18. f4 f6 19. Nh5 Rf7 20. Nc5 Bxc5 21. bxc5 fxe5
22. fxe5 Rxf1+ 23. Kxf1 Rf8+ 24. Ke1 Qf7 25. Qe2 a6 26. Ng3 Qg6 27. Be3 Nxe3 28.
Qxe3 Qc2 29. Rc1 Qxg2 30. c4 Rf3 31. Qe2 Qg1+ 32. Nf1 Rb3 33. cxd5 exd5 34. Qf2
Qxf2+ 35. Kxf2 Bf5 36. Ne3 Be6 37. c6 bxc6 38. Rxc6 Rb2+ 39. Kg3 Rb3 40. Kf4 g5+
41. Kf3 Bf7 42. Rxh6+ Kg7 43. Rxa6 Bh5+ 44. Kf2 Rb2+ 45. Kg1 Rb1+ 46. Nf1 Be2
47. Rf6 Rd1 48. Rf2 Bxf1 49. Rxf1 Rxd4 50. Rf5 Kg6 51. Rf6+ Kh5 52. Rd6 Kg4 53.
e6 Kf3 54. h3 Kg3 55. Kf1 Kxh3 56. e7 Rf4+ 57. Kg1 Re4 58. Rxd5 1/2-1/2

[Event "4th London Classic Open"]
[Site "London ENG"]
[Date "2012.12.02"]
[Round "2"]
[White "Gschwendtner,S"]
[Black "Kalerwa,Edwin M"]
[Result "1-0"]
[WhiteElo "2004"]
[BlackElo "1783"]
[WhiteFideId "307297"]
[BlackFideId "422223"]
[EventDate "2012.12.01"]

1. c4 c5 2. g3 Nc6 3. Bg2 e6 4. Nf3 Be7 5. d4 cxd4 6. Nxd4 Qb6 7. Nb5 Nf6 8.
Nd6+ Bxd6 9. Qxd6 Qb4+ 10. Qxb4 Nxb4 11. Na3 a6 12. Be3 d6 13. O-O-O Ke7 14. Bd2
Nc6 15. Bc3 Bd7 16. Rd2 Rhd8 17. Rhd1 Be8 18. e4 Rac8 19. Kb1 Rb8 20. b4 e5 21.
b5 Na7 22. Bb4 Nc8 23. c5 Bd7 24. cxd6+ Kf8 25. Bc3 axb5 26. Bxe5 Ra8 27. Bb2
Bc6 28. f3 Nb6 29. Bf1 Ra5 30. Bd4 Nfd7 31. Nc2 Rda8 32. Ne3 g6 33. Be2 Ra3 34.
h4 R8a4 35. Rb2 Rxd4 36. Rxd4 Rxe3 37. Bxb5 Bxb5 38. Rxb5 Rxf3 39. a4 Ra3 40. a5
Ra4 41. Rxa4 Nxa4 42. Rxb7 Ndc5 43. Rb8+ Kg7 44. a6 1-0

[Event "4th London Classic Open"]
[Site "London ENG"]
[Date "2012.12.02"]
[Round "2"]
[White "Wan Nawawi,W"]
[Black "Dror,L"]
[Result "0-1"]
[WhiteElo "2001"]
[BlackElo "1782"]
[WhiteFideId "5704022"]
[BlackFideId "2809583"]
[EventDate "2012.12.01"]

1. e4 c5 2. Nf3 d6 3. d4 cxd4 4. Nxd4 Nf6 5. Nc3 a6 6. Be3 e5 7. Nb3 Be6 8. Qd2
Be7 9. f3 O-O 10. O-O-O Nbd7 11. g4 b5 12. g5 Nh5 13. Rg1 Qc7 14. Qf2 Rfc8 15.
Bd3 b4 16. Nd5 Bxd5 17. exd5 g6 18. Rg4 a5 19. Rc4 Qd8 20. Rxc8 Rxc8 21. h4 a4
22. Nd2 Nc5 23. Bxc5 Rxc5 24. Ne4 Rxd5 25. Qa7 Ra5 26. Qb7 d5 27. Nf2 Nf4 28.
Ng4 Rc5 29. Nxe5 Rc7 30. Qb5 Qd6 31. Qe8+ Bf8 32. Ng4 b3 33. axb3 axb3 34. Nf6+
Kg7 35. Qe3 Nxd3+ 36. Rxd3 Rxc2+ 37. Kd1 Qh2 38. Rd2 Qh1+ 39. Ke2 Qh2+ 40. Kd3
Rxd2+ 41. Qxd2 Qxh4 42. Nxd5 Kh8 43. Qc3+ Kg8 44. Nf6+ Kg7 45. Nd7+ Kg8 46. Qc8
Qb4 47. Qxf8+ Qxf8 48. Nxf8 Kxf8 49. Kc3 f6 50. f4 fxg5 51. fxg5 h5 52. gxh6 g5
53. Kxb3 g4 54. Kc4 g3 55. h7 Kg7 56. h8=Q+ Kxh8 57. Kc5 g2 58. b4 g1=Q+ 59. Kc6
Qh2 60. b5 Kg7 61. b6 Qb8 62. b7 Kf7 0-1

[Event "4th London Classic Open"]
[Site "London ENG"]
[Date "2012.12.02"]
[Round "2"]
[White "Chilton,James I"]
[Black "Guo,E"]
[Result "0-1"]
[BlackTitle "WIM"]
[WhiteElo "1779"]
[BlackElo "2000"]
[WhiteFideId "423009"]
[BlackFideId "3200795"]
[EventDate "2012.12.01"]

1. e4 e5 2. Nf3 Nc6 3. Bc4 Nf6 4. Nc3 Nxe4 5. Bxf7+ Kxf7 6. Nxe4 d5 7. Ng3 Bd6
8. O-O Rf8 9. d4 e4 10. Ng5+ Kg8 11. c3 h6 12. Nh3 Qf6 13. Be3 Ne7 14. f3 Bxh3
15. fxe4 Qg6 16. e5 Nf5 17. Bf4 Bg4 18. Qb3 Nxg3 19. Bxg3 Be7 20. Qxd5+ Be6 21.
Qxb7 Qd3 22. Qxc7 Bg5 23. Bf2 Rxf2 24. Rxf2 Be3 25. Rf1 Bc4 26. Re1 Bxf2+ 27.
Kxf2 Rf8+ 28. Kg1 Rf1+ 29. Rxf1 Qxf1# 0-1

[Event "4th London Classic Open"]
[Site "London ENG"]
[Date "2012.12.02"]
[Round "2"]
[White "Calvert,D"]
[Black "Gupta,Arul"]
[Result "1/2-1/2"]
[WhiteElo "1999"]
[BlackElo "1761"]
[WhiteFideId "406368"]
[BlackFideId "422622"]
[EventDate "2012.12.01"]

1. b3 e5 2. Bb2 Nc6 3. e3 Nf6 4. Nf3 e4 5. Nd4 Nxd4 6. Bxd4 d5 7. c4 c5 8. Bxf6
Qxf6 9. Nc3 d4 10. Nxe4 Qe5 11. Bd3 dxe3 12. dxe3 Bf5 13. Nd6+ Bxd6 14. Bxf5 g6
15. Bd3 f5 16. g3 h5 17. f4 Qxe3+ 18. Qe2 Qxe2+ 19. Bxe2 Rd8 20. h4 Kf7 21. Bf3
Rhe8+ 22. Kf2 Re7 23. Rhe1 Rde8 24. Rxe7+ Rxe7 25. Re1 Rxe1 26. Kxe1 b6 27. Bd5+
Kf8 28. Kf2 Be7 29. Kf3 Bf6 30. Kg2 Bd4 31. Kf3 Ke7 32. Kg2 Kf6 33. Kf3 1/2-1/2

[Event "4th London Classic Open"]
[Site "London ENG"]
[Date "2012.12.02"]
[Round "2"]
[White "Watson,Darrell A"]
[Black "Cannon,Ra"]
[Result "1-0"]
[WhiteElo "1758"]
[BlackElo "1998"]
[WhiteFideId "420476"]
[BlackFideId "408018"]
[EventDate "2012.12.01"]

1. d4 Nf6 2. c4 c5 3. d5 e6 4. g3 exd5 5. cxd5 g6 6. Bg2 Bg7 7. Nc3 d6 8. Nf3
O-O 9. O-O a6 10. a4 Qe7 11. Re1 Ne4 12. Nxe4 Qxe4 13. Ra3 Qb4 14. e4 Nd7 15.
Ree3 Ne5 16. Nxe5 Bxe5 17. Reb3 Qa5 18. Bh6 Re8 19. Bd2 Qc7 20. a5 f5 21. exf5
Bxf5 22. Rb6 Bd7 23. h4 Bb5 24. Bc3 Qg7 25. Rxd6 Bxd6 26. Bxg7 Kxg7 27. Qg4 Re1+
28. Kh2 Rf8 29. f4 Be2 30. Qd7+ Rf7 31. Qxd6 Bg4 32. Qxc5 Rfe7 33. d6 R7e2 34.
Qd4+ Kh6 35. Rc3 Bf5 36. Qf6 Be4 37. Qg5+ Kg7 38. Rc7+ 1-0

[Event "4th London Classic Open"]
[Site "London ENG"]
[Date "2012.12.02"]
[Round "2"]
[White "Obiamiwe,P"]
[Black "Kroezen,R"]
[Result "1-0"]
[WhiteElo "1997"]
[BlackElo "1726"]
[WhiteFideId "8500215"]
[BlackFideId "1016091"]
[EventDate "2012.12.01"]

1. Nf3 b6 2. g3 Bb7 3. Bg2 e6 4. c4 g6 5. O-O Bg7 6. Nc3 Ne7 7. d4 d6 8. e4 Nd7
9. Re1 O-O 10. Bg5 h6 11. Be3 Re8 12. Qd2 Kh7 13. Rad1 Nf6 14. Qc2 Nfg8 15. h4
Kh8 16. b4 c6 17. Qb3 Qc7 18. Rc1 c5 19. bxc5 dxc5 20. Nb5 Qd7 21. dxc5 bxc5 22.
Red1 Qc6 23. Nd6 Rf8 24. Qxb7 1-0

[Event "4th London Classic Open"]
[Site "London ENG"]
[Date "2012.12.02"]
[Round "2"]
[White "Pattni,Kishan"]
[Black "Pleininger,R"]
[Result "0-1"]
[WhiteElo "1747"]
[BlackElo "1997"]
[WhiteFideId "420751"]
[BlackFideId "1305999"]
[EventDate "2012.12.01"]

1. b3 e5 2. Bb2 d6 3. e4 Be6 4. Nf3 c5 5. a4 Nc6 6. Bb5 g6 7. Bxc6+ bxc6 8. d3
Bg7 9. O-O h6 10. Nbd2 Nf6 11. Re1 O-O 12. Nc4 Qc7 13. Qd2 Bg4 14. Re3 Nd7 15.
Qa5 Qb8 16. h3 Bxf3 17. Rxf3 f5 18. exf5 gxf5 19. Qa6 Qc7 20. Ne3 f4 21. Nf1 d5
22. g4 Nb8 0-1

[Event "4th London Classic Open"]
[Site "London ENG"]
[Date "2012.12.02"]
[Round "2"]
[White "Webster,R"]
[Black "Lie,T"]
[Result "1-0"]
[WhiteElo "1994"]
[BlackElo "1595"]
[WhiteFideId "409162"]
[BlackFideId "1504916"]
[EventDate "2012.12.01"]

1. e4 d6 2. d4 Nf6 3. Nc3 g6 4. Be3 c6 5. f3 b5 6. Qd2 Bg7 7. a3 Nbd7 8. Bd3 e5
9. Nge2 a6 10. O-O O-O 11. Nd1 exd4 12. Nxd4 c5 13. Nc6 Qe8 14. Be2 Qe6 15. a4
b4 16. Bf4 Ne8 17. Na5 Ne5 18. Ne3 Qe7 19. Nd5 Qd8 20. Nb3 Be6 21. Bg5 f6 22.
Bh4 g5 23. Bg3 f5 24. f4 gxf4 25. Nxf4 Qg5 26. Nxe6 Qxd2 27. Nxd2 Rf6 28. exf5
Bh6 29. Ne4 Be3+ 30. Kh1 Rh6 31. Bxe5 dxe5 32. Rf3 Bd4 33. c3 bxc3 34. bxc3 a5
35. Bc4 Kh8 36. cxd4 cxd4 37. Rg3 Rb8 38. Nd8 Nf6 39. Nf7# 1-0

[Event "4th London Classic Open"]
[Site "London ENG"]
[Date "2012.12.02"]
[Round "2"]
[White "Sigurdsson,Birkir Karl"]
[Black "Dydak,Mateusz"]
[Result "1/2-1/2"]
[WhiteElo "1725"]
[BlackElo "1992"]
[WhiteFideId "2304180"]
[BlackFideId "2612305"]
[EventDate "2012.12.01"]

1. d4 f5 2. e4 fxe4 3. Nc3 Nf6 4. Bg5 c6 5. Bxf6 exf6 6. Nxe4 d5 7. Nc3 Bf5 8.
Bd3 Bxd3 9. Qxd3 Bd6 10. Nf3 Qe7+ 11. Ne2 Na6 12. c3 O-O-O 13. O-O Nc7 14. b4
Qe4 15. Qd2 g5 16. a4 h5 17. Ng3 Qg6 18. Rfd1 h4 19. Nf1 g4 20. Ne1 g3 21. fxg3
hxg3 22. h3 Rde8 23. Qd3 Qg5 24. Nf3 Qf4 25. Qd2 Qf5 26. Qd3 Qe4 27. Qb1 Qf4 28.
Qd3 Re4 29. Rab1 a6 30. Rb2 b5 31. axb5 axb5 32. Ra2 Kd7 33. Re2 Rhe8 34. Rde1
f5 35. N1d2 Rxe2 36. Rxe2 Ra8 37. Re1 Ne6 38. Nb3 Ng5 39. Rf1 Nxf3+ 40. Rxf3 Qe4
41. Qf1 f4 42. Nc5+ Bxc5 43. bxc5 Rf8 44. Qa1 Rf6 45. Qa7+ Ke6 46. Qc7 Qe1+ 47.
Rf1 Qe3+ 48. Kh1 Kf5 49. Qd7+ Kg6 50. Qg4+ Kf7 51. Qh5+ Kg7 52. Ra1 Qe7 53. Qg5+
Kf7 54. Qh5+ Kg7 55. Qg5+ Kf7 56. Qh5+ Kg7 1/2-1/2

[Event "4th London Classic Open"]
[Site "London ENG"]
[Date "2012.12.02"]
[Round "2"]
[White "Bratteteig,Tore-Inge"]
[Black "Kreuzer,C"]
[Result "1/2-1/2"]
[WhiteElo "1684"]
[BlackElo "1977"]
[WhiteFideId "1510711"]
[BlackFideId "470589"]
[EventDate "2012.12.01"]

1. d4 Nf6 2. c4 e6 3. Nf3 b6 4. g3 Bb7 5. Bg2 c5 6. O-O cxd4 7. Nxd4 Bxg2 8.
Kxg2 Be7 9. Nc3 Nc6 10. Nc2 O-O 11. e4 Rc8 12. Qe2 Ne5 13. Ne3 Qc7 14. b3 Bb4
15. Nb5 Qb7 16. f3 a6 17. Ba3 Bxa3 18. Nxa3 Ng6 19. Rad1 Rc5 20. Kf2 Rh5 21. h4
d5 22. exd5 exd5 23. cxd5 Nxd5 24. Nxd5 Rxd5 25. Rxd5 Qxd5 26. Nc4 Qd4+ 27. Qe3
Qxe3+ 28. Nxe3 Rd8 29. Rd1 Rxd1 30. Nxd1 Kf8 31. Ke3 Ke7 32. Kd4 Ke6 33. Nc3 Ne7
34. g4 Nc6+ 35. Ke4 b5 36. f4 g6 37. a3 f5+ 38. gxf5+ gxf5+ 39. Kd3 Na5 40. Kc2
Kd6 41. Ne2 Kd5 42. Ng3 Kd4 43. Nxf5+ Ke4 44. Ng7 Kxf4 45. Kc3 Nc6 46. Kd3 Kg4
47. h5 Kg5 48. Ke4 Kh6 49. Nf5+ Kxh5 50. Kd5 Na5 51. Kc5 Nxb3+ 52. Kb6 Kg5 53.
Ng3 Kg4 54. Ne4 Kf4 55. Nf6 Ke5 56. Nxh7 Nd4 57. Kxa6 Nc2 58. Kxb5 Nxa3+ 1/2-1/2

[Event "4th London Classic Open"]
[Site "London ENG"]
[Date "2012.12.02"]
[Round "2"]
[White "Haddock,Paul"]
[Black "Gibson,Ch"]
[Result "1-0"]
[WhiteElo "1665"]
[BlackElo "1975"]
[WhiteFideId "419150"]
[BlackFideId "414697"]
[EventDate "2012.12.01"]

1. e4 c5 2. Nc3 a6 3. f4 Nc6 4. Nf3 e6 5. d3 b5 6. g3 Bb7 7. Bg2 d6 8. O-O Nf6
9. h3 Be7 10. g4 h6 11. Be3 Nd7 12. Qd2 Qc7 13. Qf2 b4 14. Ne2 d5 15. exd5 exd5
16. f5 O-O-O 17. Bf4 Bd6 18. Qg3 Bxf4 19. Qxf4 Qxf4 20. Nxf4 Nf6 21. Rae1 Rhe8
22. Kf2 Kc7 23. Rxe8 Rxe8 24. Re1 Rxe1 25. Kxe1 Kd6 26. Ke2 Ne5 27. Nd2 Bc8 28.
b3 Bd7 29. Kf2 a5 30. Ke3 d4+ 31. Kf2 a4 32. Ne4+ Nxe4+ 33. Bxe4 a3 34. Bd5 g6
35. Bxf7 Nxf7 36. fxg6 Ng5 37. g7 Nxh3+ 38. Kg3 1-0